000 00298nam a2200121Ia 4500
005 20251222154406.0
008 251222s9999||||xx |||||||||||||| ||spa||
020 _a84-02-03760-7
082 _a848.8/B24
100 _a"Barbey d'Aurevilly, Jules Amédée"
245 0 _aLas diabólicas
942 _cLIB
999 _c35470
_d35470